| 000 | 00746nam a2200289 a 4500 | ||
|---|---|---|---|
| 001 | d | ||
| 005 | 20140311163007.0 | ||
| 008 | 041019s19uu xx 00 eng d | ||
| 020 | _a0443-059748 | ||
| 050 |
_aRM 137 _b.R196 2002 |
||
| 100 | _aRang, H.P. | ||
| 245 | 0 |
_aPharmacology. / _cH. P Rang |
|
| 260 |
_aEdinburgh : _bChurchill Livingstone, _c2002. |
||
| 300 |
_a830 p. : _bill. col. ; _c25 cm. |
||
| 500 | _aIncludes bibliogaphical references and index. | ||
| 521 | _aNUR | ||
| 650 | _aPharmacology. | ||
| 650 | _aDrugs. | ||
| 650 | _aNursing. | ||
| 650 |
_aPharmacology _xNursing texts. |
||
| 700 | _aDale, M.M. | ||
| 700 | _aRitter, J.M. | ||
| 942 |
_cBK _2lcc _kFOR |
||
| 999 |
_c39331 _d39331 |
||